Normal view
MARC view
- The theory of machines
Entry Topical Term
001 - CONTROL NUMBER
- control field: 105903
003 - CONTROL NUMBER IDENTIFIER
- control field: NUST
005 - DATE AND TIME OF LATEST TRANSACTION
- control field: 20221226114431.0
008 - FIXED-LENGTH DATA ELEMENTS
- fixed length control field: 221226|| aca||aabn | a|a d
040 ## - CATALOGING SOURCE
- Original cataloging agency: NUST
- Transcribing agency: NUST
150 ## - HEADING--TOPICAL TERM
- Topical term or geographic name entry element: The theory of machines
670 ## - SOURCE DATA FOUND
- Source citation: Work cat.: (NUST)183781: Bevan, Thomas 41936, The theory of machines /, 2003
